000 02299 a2200385 4500
001 23926729
003 000
005 20251016093440.0
008 241119s2025 flu b 001 0 eng
010 _a 2024055345
020 _a9781032753751
040 _aDNLM/DLC
_beng
_erda
_cDLC
_dDLC
042 _apcc
050 0 0 _aRA 601 .R43
100 1 _aRedmond, Anthony D.,
_eauthor.
245 1 0 _aHumanitarian medicine and disaster relief /
_cTony Redmond.
263 _a2507
264 1 _aBoca Raton, FL :
_bCRC Press,
_c2025.
300 _axiv, 110p. ill.
336 _atext
_btxt
_2rdacontent
337 _aunmediated
_bn
_2rdamedia
338 _avolume
_bnc
_2rdacarrier
490 1 _aTrauma care focus series
504 _aIncludes bibliographical references and index.
505 0 _aHumanitarianism -- Sudden Onset Disasters -- Specific Hazards -- Responding to Humanitarian Emergencies -- The Emergency Medical Teams (EMT) Initiative -- Armed Conflict and Complex Emergencies -- Deploying -- Needs Assessments -- Clinical considerations -- Infectious Diseases and Outbreak Response -- Triage -- Working in another country.
520 _a"Focusing on emergency medical humanitarian assistance, this accessible new text provides practical clinical guidance for those working in emergency medicine, critical care, and military medicine. There has been great progress over the last 30 years in establishing standards and training programmes to ensure that those who respond to major emergencies are appropriately trained, adequately equipped, qualified to do this work, and accountable for the work that they do. These developments together with insights into current requirements for healthcare and emergency responses are reflected in this book"--
_cProvided by publisher.
650 1 2 _a
_x
650 2 2 _aEmergency Medical Services
_x
650 2 2 _aRelief Work
776 0 8 _iOnline version:
_aRedmond, Anthony D.
_tHumanitarian medicine and disaster relief
_bFirst edition.
_dBoca Raton, FL : CRC Press, 2025
_z9781003473718
_w(DLC) 2024055346
830 0 _aTrauma care focus.
906 _a7
_bcbc
_corignew
_d1
_eecip
_f20
_gy-gencatlg
942 _2lcc
_cBK
999 _c43822
_d43822